000 00859nac a22002537a 4500
001 BR8202738
003 BR-BrBNA
005 20240105115323.0
008 230509b bl.|||m| |||| 00| 0 por d
040 _aBR-BrBNA
_bpor
_cBiblioteca Nacional de Agricultura
072 _aN10
090 _a4490 BR8202738
100 1 _aAggeler, K.E.
110 1 _aEmpresa Catarinense de Pesquisa Agropecuaria S.A., Florianopolis, SC (Brasil)
245 1 _aCerca eletrica - manual de construcao e manejo
260 3 _aFlorianopolis, SC (Brasil):
_c1982.
300 _a68 p.
490 _aBoletim Tecnico - Empresa Catarinense de Pesquisa Agropecuaria S.A. (Brazil)
_vno. 17
_xISSN 0100-7416
500 _a17 ref.; 79 illus.
650 _aCERCA ELETRICA
650 _aINSTALACAO AGRICOLA
909 _a202312
_bLúcia Elande
_c55
_dLúcia Elande
942 _2AGRIS
_n0
_cMS
999 _c274270
_d274270